000 01138nam a2200217Ia 4500
999 _c36616
_d36616
001 2536
003 GE_BSU
005 20230901153342.0
008 181216s2006||||ge |||||||||||||| ||geo||
040 _cGE_BSU
041 _ageo
080 _a811.111(038)+811.353.1(038) ი–54
245 _a ინგლისურ-ქართული ლექსიკონი = English-Georgian dictionary. რვეული 12 :
_bN /
_c [სარედ. კოლ.: თინათინ მარგალიტაძე (მთ. რედ.) და სხვ. ; შემდგ.: კ. ჯანჯღავა, გ. ანთელავა, ლ. გორგაძე და სხვ.].
264 _aთბილისი,
_c2006.
300 _a101გვ.;
_b28 სმ.
653 _aინგლისურ–ქართული ლექსიკონი
700 _aმარგალიტაძე, თინათინ
_eრედაქტორი
_96114
700 _aჯანჯღავა, კ.
_eშემდგენელი
_919752
710 _aთბილისის უნ-ტი.
_919753
942 _cBK
_2udc